000 01012nac a22002897a 4500
001 BR8300538
003 BR-BrBNA
005 20240105115614.0
008 230509b bl.|||m| |||| 00| 0 por d
040 _aBR-BrBNA
_bpor
_cBiblioteca Nacional de Agricultura
072 _aL30
090 _a5300 BR8300538
100 1 _aFerreira, A.S.
100 1 _aDhein, H.
100 1 _aAlbino, L.F.T.
110 1 _aCentro Nacional de Pesquisa de Suinos e Aves, Concordia, SC (Brasil)
245 1 _aDesempenho de suinos alimentados com diferentes concentrados vitaminico-mineralicos
246 1 _a[Performance of swine fed with different vitamin-mineral concentrates]
260 3 _aConcordia, SC (Brasil):
_c1982.
300 _a4 p.
490 _aComunicado Tecnico - Centro Nacional de Pesquisa de Suinos e Aves (Brazil)
_vno. 43
_xISSN 0100-8862
650 _aSUINO
650 _aCONCENTRADO VITAMINICO
650 _aPERFORMANCE
909 _a202312
_bLúcia Elande
_c55
_dLúcia Elande
942 _2AGRIS
_n0
_cMS
999 _c275527
_d275527